| 000 | 00606cam a2200217 4500500 | ||
|---|---|---|---|
| 005 | 20260405003507.0 | ||
| 041 | _afre | ||
| 042 | _adc | ||
| 100 | 1 | 0 |
_aNathan, Tobie _eauthor |
| 245 | 0 | 0 | _aCBD. Épicure au compte-gouttes |
| 260 | _c2022. | ||
| 500 | _a94 | ||
| 690 | _aAtaraxie | ||
| 690 | _aCannabis | ||
| 690 | _aDouleur | ||
| 690 | _aDrogue | ||
| 690 | _aTemps | ||
| 690 | _aTobie Nathan | ||
| 786 | 0 | _nPhilosophie magazine | 159 | 5 | 2022-05-01 | p. 14-14 | 1951-1787 | |
| 856 | 4 | 1 | _uhttps://shs.cairn.info/magazine-philosophie-magazine-2022-5-page-14?lang=fr&redirect-ssocas=7080 |
| 999 |
_c2068079 _d2068079 |
||